Представление документа в формате MARC21

Поле Инд. ПП Название Значение
Тип записи a
Библиографический уровень m
001 Контрольный номер RU/IS/BASE/411743807
005 Дата корректировки 20200616142435.6
040 a Служба первич. каталог. НБ ТвГУ
041 0_ a Код языка текста rus
080 a Индекс УДК 316.422.42
084 a Индекс другой классификации/Индекс ББК С032.611
090 a Полочн. индекс А550.4
x Авторский знак Б 93
100 1_ a Автор Бутенко Анатолий Павлович
d Дата 1925-2005
e Роль лиц Автор
245 00 a Заглавие Общественный прогресс и его критерии
c Ответственность А. П. Бутенко
260 0_ a Место издания Москва
b Издательство Знание
c Дата издания 1980
300 a Объем 63, [1] с.
440 _0 a Серия Новое в жизни, науке, технике
440 _0 a Серия Философия
v N тома № 8
504 a Библиография Библиогр. в подстроч. примеч.
653 0_ a Ключевые слова Критерии общественного прогресса
a Ключевые слова Общественный прогресс
a Ключевые слова Социальная философия
a Ключевые слова Социально-историческое развитие
a Ключевые слова Социальный прогресс
a Ключевые слова Философия
901 t Тип документа m
920 a Оператор Лиси
a Оператор Суха
930 a Новая/Ретро ретро
954 a Дата поступления на обработку 20130117
954 a Дата поступления на обработку 20200616